| 000 | 01056ngm a2200397 c 4500 | ||
|---|---|---|---|
| 001 | 167671 | ||
| 003 | DO-SdBNP | ||
| 005 | 20180202100115.0 | ||
| 007 | 167671 | ||
| 008 | 120216s1999 sp 107 g 1 mul | ||
| 015 | _a | ||
| 017 |
_a _b |
||
| 020 | _a043907035X | ||
| 028 | 4 | 0 |
_a _b |
| 035 | _a | ||
| 040 |
_aBPMSU _bspa _cBPMSU _e |
||
| 084 |
_a _2 |
||
| 100 | 1 | _a Applegate, Katherine Alice | |
| 130 | 4 |
_aThe proposal _lPolíglota |
|
| 240 | _a | ||
| 245 | 1 | 3 |
_aThe proposal / _c K. A. Applegate. _h _b |
| 260 |
_a[Madrid] : _bWalt Disney Studios Home Entertainment, _bTouchstone Home Entertainment _c2009. |
||
| 300 |
_a 143 p. ; _b 21 cm. _e |
||
| 490 | 1 |
_aAnimorrhs _v35 |
|
| 500 | _a | ||
| 500 | _a | ||
| 511 | 1 | _a | |
| 518 | _aLargometraje producido en 2009 por Estados Unidos | ||
| 520 | 3 | _a | |
| 521 | _a | ||
| 655 | 7 |
_aComedia romántica cinematográfica _2tgfbne |
|
| 830 | 0 |
_aAnimorrhs _v35 |
|
| 942 |
_2ddc _cBK |
||
| 945 | _aInventariado, 2018 /LP | ||
| 956 |
_a VMATEO _b10 _c20160524 _dBPMSU _f0069 |
||
| 999 |
_c10209 _d10209 |
||